Couleur Jaune - Statistiques

Statistiques générales
  • Ce quiz a été pris 67 fois
  • Le résultat moyen est 11 sur 15
Statistiques - réponses
Question Réponse % Correct
Quel est le plus grand désert chaud du monde, connu pour ses larges dunes de sable jaune ? Sahara
98%
Multinationale américaine de la restauration rapide fondée par Ray Kroc en 1955 après le rachat des droits d'une chaîne de restaurants exploitée par Richard et Maurice. Son enseigne est jaune. McDonald's
88%
Lors d'un mouvement social ayant débuté en 2018, un élément de couleur jaune était porté par les manifestants. Quel était cet élément ? Gilet
87%
Si l'on ajoute quatre lettres au mot "citron", qui illustre la couleur jaune, quelle boisson obtient on ? N'écrivez que les quatre lettres manquantes. Nade
85%
Lorsque nous sommes sur Terre, le soleil semble jaune, mais en réalité, quelle est sa vraie couleur ? Blanche
83%
Personnage de dessin animé de couleur jaune vivant dans la mer. Il est réputé pour sa naïveté et sa maladresse. Il est employé en tant que cuisinier au "Crabe Croustillant". Qui est-ce ? Bob l'éponge
83%
Fruit jaune originaire du Cachemire (région débattue entre la Chine, l'Inde et le Pakistan). Il est arrivé au Moyen-Orient via la Perse. C'est dans cette région Mésopotamienne que les Hébreux le cultivent durant la captivité de Babylone. Quel est ce fruit ? Citron
82%
Ce département français est le seul commençant par la lettre "J", comme "jaune". Lequel ? Jura
82%
Quel dessin animé aux personnages jaunes a souvent été cité, car il aurait fait des "prophéties", comme par exemple, pour l'attentat du 11 septembre 2001 ? Simpson
78%
Qu'est-ce qui est jaune et qui attend ? Selon une célèbre blague, inspirée de Carambar, et popularisée en 2017, par un jeune du nom "d'Adrien". Jonathan
70%
Service de communication et de photographie devenu célèbre grâce à ses "filtres". Son logo est jaune (et blanc). Snapchat
67%
Le drapeau de ce pays connu pour avoir une population 100% catholique est majoritairement jaune (et blanc). Vatican
67%
L'or est associé à la couleur jaune. Dans le tableau périodique des éléments chimiques, quel est le symbole chimique de l'or ? Au
65%
Maladie caractérisée par une accumulation de bilirubine dans le sang, rendant la peau et/ou les yeux jaune(s). Jaunisse
62%
En anglais, "jaune" se dit "yellow". Quel célèbre groupe britannique de pop rock a écrit une chanson intitulée "yellow" ? Coldplay
27%
Aucun quiz correspondant
Distribution des résultats
% des personnes avec chaque résultat
Percentile par nombre de réponses
Votre historique - résultats
Vous n’avez pas pris ce quiz